| 000 | 02947nam0a2200385 4500 | ||
|---|---|---|---|
| 001 | RU\NLR\BIBL_A\012776845 | ||
| 005 | 20250604112311.0 | ||
| 010 |
_a978-5-907516-64-9 _9500 |
||
| 021 |
_aRU _bКН-П-22-002934 _9КН-П-22-0222 |
||
| 035 | _a(NLR Aleph) 012776845 | ||
| 035 | _a(RuMoRGB)010963671 | ||
| 090 |
_a13110724 _c13110724 |
||
| 100 | _a20220429d2021 u y0rusy50 ca | ||
| 101 | 0 | _arus | |
| 102 | _aRU | ||
| 105 | _aa j 010zy | ||
| 181 | 0 |
_ai3 _baxxe |
|
| 182 | 0 | _an | |
| 200 | 1 |
_aИстория государственных учреждений и органов управления в Российской Федерации _eучебное пособие _eдля магистров по направлению подготовки 38.04.04 Государственное и муниципальное управление _fА. А. Коровин, А. Р. Салчинкина _gФГБОУ ВО "Кубанский государственный аграрный университет имени И. Т. Трубилина" |
|
| 203 |
_aТекст _bвизуальный _cнепосредственный |
||
| 210 |
_aКраснодар _cКубГАУ _d2021 |
||
| 215 |
_a102 с. _cил. _d20 |
||
| 300 | _aНа обл.: 100. 1922-2022. КубГАУ | ||
| 320 | _aБиблиогр.: с. 99 (14 назв.) | ||
| 330 | _aВ учебном пособии представлено развитие системы государственного управления в России со времени образования государства и до начала XXI в. Рассматривается структура высших, центральных и местных государственных учреждений, исследуются направления их деятельности. Предназначено для магистров, обучающихся по направлению подготовки 38.04.04 <Государственное и муниципальное управление> | ||
| 606 | 1 |
_aГосударственные учреждения _jУчебные издания для высших учебных заведений _xИстория _yРоссия _9912787 _3RU\NLR\AUTH\66333596 |
|
| 606 | 1 |
_aОрганы государственного управления _jУчебные издания для высших учебных заведений _xИстория _yРоссия _92514799 _3RU\NLR\AUTH\661490571 |
|
| 686 | 1 | _aХ2(2)0-523я73 | |
| 686 | 1 | _aХ620.011я73 | |
| 700 | 1 |
_7ca _8rus _aКоровин _bА. А. _cканд. ист. наук _gАлександр Анатольевич _92652969 _3RU\NLR\AUTH\770281002 |
|
| 701 | 1 |
_aСалчинкина _bА. Р. _gАнгелина Ростиславовна |
|
| 942 | _cBOOK | ||
| 980 | _aNB | ||